Изучение электрохимического поведения наночастиц серебра методом вольтамперометрии; Химия и химическая технология в XXI веке; Т. 1
| Parent link: | Химия и химическая технология в XXI веке: материалы XII Всероссийской научно-практической конференции студентов и молодых ученых с международным участием, Томск, 11-13 мая 2011 г./ Национальный исследовательский Томский политехнический университет (ТПУ), Институт природных ресурсов (ИПР).— , 2011 Т. 1.— 2011.— [С. 84-86] |
|---|---|
| Hlavní autor: | |
| Další autoři: | , |
| Shrnutí: | Заглавие с титульного листа Электронная версия печатной публикации |
| Jazyk: | ruština |
| Vydáno: |
2011
|
| Edice: | Секция 1. Химия и химическая технология неорганических веществ и материалов |
| Témata: | |
| On-line přístup: | http://www.lib.tpu.ru/fulltext/v/Conferences/2011/C5/C5a44.pdf |
| Médium: | MixedMaterials Elektronický zdroj Kapitola |
| KOHA link: | https://koha.lib.tpu.ru/cgi-bin/koha/opac-detail.pl?biblionumber=208429 |
MARC
| LEADER | 00000naa2a2200000 4500 | ||
|---|---|---|---|
| 001 | 208429 | ||
| 005 | 20260218162503.0 | ||
| 035 | |a (RuTPU)RU\TPU\book\227573 | ||
| 035 | |a RU\TPU\book\227572 | ||
| 090 | |a 208429 | ||
| 100 | |a 20120203d2011 k y0rusy50 ca | ||
| 101 | 0 | |a rus | |
| 102 | |a RU | ||
| 135 | |a drnn ---uucaa | ||
| 181 | 0 | |a i | |
| 182 | 0 | |a b | |
| 200 | 1 | |a Изучение электрохимического поведения наночастиц серебра методом вольтамперометрии |f А. Ю. Плотникова, Е. А. Козлова |g науч. рук. Г. В. Лямина | |
| 203 | |a Текст |c электронный | ||
| 215 | |a 1 файл (519 Кб) | ||
| 225 | 1 | |a Секция 1. Химия и химическая технология неорганических веществ и материалов | |
| 300 | |a Заглавие с титульного листа | ||
| 300 | |a Электронная версия печатной публикации | ||
| 320 | |a [Библиогр.: с. 86 (2 назв.)] | ||
| 337 | |a Adobe Reader | ||
| 461 | 1 | |0 (RuTPU)RU\TPU\book\218704 |t Химия и химическая технология в XXI веке |o материалы XII Всероссийской научно-практической конференции студентов и молодых ученых с международным участием, Томск, 11-13 мая 2011 г. |o в 2 т. |f Национальный исследовательский Томский политехнический университет (ТПУ), Институт природных ресурсов (ИПР) |d 2011 | |
| 463 | 1 | |0 (RuTPU)RU\TPU\book\218882 |t Т. 1 |v [С. 84-86] |d 2011 | |
| 610 | 1 | |a серебро | |
| 610 | 1 | |a наночастицы | |
| 610 | 1 | |a электрохимическое поведение | |
| 610 | 1 | |a изучение | |
| 610 | 1 | |a метод вольтамперометрии | |
| 610 | 1 | |a труды учёных ТПУ | |
| 610 | 1 | |a электронный ресурс | |
| 700 | 1 | |a Плотникова |b А. Ю. | |
| 701 | 1 | |a Козлова |b Е. А. | |
| 702 | 1 | |a Лямина |b Г. В. |c химик |c доцент Томского политехнического университета, кандидат химических наук |f 1974- |g Галина Владимировна |4 727 | |
| 801 | 1 | |a RU |b 63413507 |c 20120118 | |
| 801 | 2 | |a RU |b 63413507 |c 20151029 |g RCR | |
| 856 | 4 | |u http://www.lib.tpu.ru/fulltext/v/Conferences/2011/C5/C5a44.pdf | |
| 942 | |c CF | ||